000 00280nam a2200097Ia 4500
001 1064294
005 20250827001712.0
008 250824s9999 xx 000 0 und d
245 0 _aKAZIM KARABEKİR İN GÖZÜYLE YAKIN TARİHİMİZ 1
_cMUSTAFA ARMAĞAN
260 _bKETEBE YAYINLARI
999 _c1064294
_d1064294